000 00709nam a2200253Ia 4500
003 OSt
005 20221005073729.0
006 a|||||r|||| 00| 0
007 ta
008 221004b |||||||| |||| 00| 0 eng d
020 _a8121004071
024 _a76904
037 _cTextual
040 _aCRL
_cCRL
_beng
041 _2eng
_aeng
082 _aY:351.2, P2
100 _aMahapatra Sitakant
245 0 _aThey sing life
_b Anthology of oral poetry of the primitive tribes of India
260 _aNew Delhi
_bInter - India Publications India
_c2002
300 _a167p.
_ccm.
650 _aSOCIOLOGY
942 _hY:351.2, P2
_cTEXL
_2cc
999 _c981622
_d981622